书目信息 |
| 题名: |
手绘效果图快速表现技法
|
|
| 作者: | 严何 主编 | |
| 分册: | 建筑篇 | |
| 出版信息: | 北京 化学工业出版社 2010.01 |
|
| 页数: | 126页 | |
| 开本: | 21cm | |
| 丛书名: | ||
| 单 册: | ||
| 中图分类: | TU204 | |
| 科图分类: | ||
| 主题词: | 建筑设计--建筑制图--技法(美术) | |
| 电子资源: | ||
| ISBN: | 978-7-122-06043-3 | |
| 000 | 01334nam0 2200253 450 | |
| 001 | 0011248146 | |
| 005 | 20100508110230.43 | |
| 010 | @a978-7-122-06043-3@dCNY28.00 | |
| 100 | @a20100515d2010 em y0chiy0110 ea | |
| 101 | 0 | @achi |
| 102 | @aCN@b110000 | |
| 105 | @aa a 000yy | |
| 200 | 1 | @a手绘效果图快速表现技法@Ashou hui xiao guo tu kuai su biao xian ji fa@i建筑篇@f严何主编 |
| 210 | @a北京@c化学工业出版社@d2010.01 | |
| 215 | @a126页@c图@d21cm | |
| 320 | @a有书目 | |
| 330 | @a本书内容共分六章:第一章介绍手绘效果图快速表现技法的基本概念、特点,以及在室内设计行业中的地位和价值,同时还介绍手绘的工具和训练方法;第二章介绍手绘效果图快速表现技法的基础训练方法,主要从单体室内家具与陈设的线描表现技巧、着色技巧和快速透视法三个角度来阐述;第三章介绍家居空间手绘效果图快速表现技法的表现技巧,主要从玄关、客厅、卧室、餐厅、书房、厨房和卫生间等室内居住空间的设计表现来进行讲解;第四章介绍商业空间手绘效果图快速表现技法的表现技巧,主要从办公、餐饮和娱乐等公共空间的设计表现来进行讲解,并配有大量优秀商业空间手绘效果图作品赏析;第五章为手绘效果图快速表现技法的创作;第六章是优秀手绘效果图作品欣赏。 | |
| 333 | @a本书适合建筑爱好者阅读。 | |
| 517 | 1 | @a建筑篇@Ajian zhu pian |
| 606 | 0 | @a建筑设计@x建筑制图@x技法(美术) |
| 690 | @aTU204@v4 | |
| 701 | 0 | @a严何@Ayan he@4主编 |
| 801 | 0 | @aCN@c20100515 |
| 905 | @dTU204@eY050@f5 | |
| 手绘效果图快速表现技法.建筑篇/严何主编.-北京:化学工业出版社,2010.01 |
| 126页:图;21cm |
| 使用对象:本书适合建筑爱好者阅读。 |
| ISBN 978-7-122-06043-3:CNY28.00 |
| 本书内容共分六章:第一章介绍手绘效果图快速表现技法的基本概念、特点,以及在室内设计行业中的地位和价值,同时还介绍手绘的工具和训练方法;第二章介绍手绘效果图快速表现技法的基础训练方法,主要从单体室内家具与陈设的线描表现技巧、着色技巧和快速透视法三个角度来阐述;第三章介绍家居空间手绘效果图快速表现技法的表现技巧,主要从玄关、客厅、卧室、餐厅、书房、厨房和卫生间等室内居住空间的设计表现来进行讲解;第四章介绍商业空间手绘效果图快速表现技法的表现技巧,主要从办公、餐饮和娱乐等公共空间的设计表现来进行讲解,并配有大量优秀商业空间手绘效果图作品赏析;第五章为手绘效果图快速表现技法的创作;第六章是优秀手绘效果图作品欣赏。 |
| ● |
| 相关链接 |
|
|
|
正题名:手绘效果图快速表现技法
索取号:TU204/Y050
 
预约/预借
| 序号 | 登录号 | 条形码 | 馆藏地/架位号 | 状态 | 备注 |
| 1 | 981573 | 209815734 | 建筑库101/101建筑库 109排4列1层/ [索取号:TU204/Y050] | 在馆 | |
| 2 | 981574 | 209815743 | 建筑库101/101建筑库 109排4列1层/ [索取号:TU204/Y050] | 在馆 | |
| 3 | 981575 | 209815752 | 建筑库101/101建筑库 109排4列1层/ [索取号:TU204/Y050] | 在馆 | |
| 4 | 981576 | 209815761 | 建筑库101/101建筑库 109排4列1层/ [索取号:TU204/Y050] | 在馆 | |
| 5 | 981577 | 209815770 | 建筑库101/101建筑库 109排4列1层/ [索取号:TU204/Y050] | 在馆 |